000 04698cam a22003011i 4500
003 SA-RiAUC
005 20250625152025.0
008 250426s1975 le g 00000 ara c
040 _aSA-RiAUC
_bara
_cSA-RiAUC
_dKAC
_erda
082 0 4 _a810.95
_qSA-RiAUC
090 _a810.95
_bا ب و ف
100 1 _aأبو الفرج الأصبهاني، علي بن الحسين بن محمد،
_d284-356 هجري
_eمؤلف.
245 1 0 _aأغاني الأغاني :
_bمختصر أغاني الأصفهاني /
_cتخيرها وجمعها الخوري يوسف عون ؛ صحح شرح الحواشي عبد الله العلايلي.
246 3 0 _aمختصر أغاني الأصفهاني
264 1 _aبيروت :
_bمؤسسة بدران للطباعة والنشر،
_c1975
300 _a687 صفحة ؛
_c30 سم
336 _aنص
_btxt
_2rdacontent
_3كتاب
337 _aبدون وسيط
_bn
_2rdamedia
338 _aمجلد
_bnc
_2rdacarrier
504 _aيشتمل على إرجاعات ببليوجرافية.
520 _aكتاب "الأغاني"، هذه الدرة الغالية في لغة العربية، هو مرجع يرتجى ومتعة تشتهى. فيه التاريخ والقصة والسيرة والعبرة والطرفة والملحة والشعر والنثر واللغة، كل هذا بعبارة فصيحة تحبب إلينا صفاء لغة القرآن وتشدنا إلى استشفافها وتذوقها. ولكن "الأغاني"، وهو مجموعة ثلاثة وعشرين مجلدا، أصبح اليوم كتاب خزانة لا كتاب مطالعة لضيق وقت الأكثرين عن الانصراف إليه، ناهيك بما حوى من قصص وحوادث تخطاها الزمن فتفهت، ومن أحاديث تكررت أحيانا فثقلت، ومن عبارات فحشت فسمجت حتى لنربأ بابنتنا أو أختنا الطالبة عن الوقوع عليها وقد كتبت في عصر لم يكن للمرأة نصيب في القراءة والمطالعة، ومن أسانيد من مثل: "حدثنا فلان عن فلان عن فلان عن أخيه عن أبيه عن جده…" الخ. وهذه لو جمعت لما اتسعت لها مجلدات ثلاثة. ولما كان ثمن هذه المجموعة حفنة، والذين يسخون به قلة، والذين يقرأونها إن سخوا ندرة، ولما كان طلابنا، أبناؤنا وبناتنا، الجامعيون ودونهم، أصبحوا في جوع شديد في اللغة الأصيلة والتعبير الفصيح. ولما كان وقت هؤلاء بالغا في القصر لكثرة المواد الملقاة على عاتقهم حتى لم يبق لهم متسع ليطالعوا المطولات، هذا إذا استطاعوها شراء، كل هذا دفع الخوري يوسف عون لاختصار المجلدات الثلاثة والعشرين بمجلد واحد ضم ما يشتهى ضمه وأهمل ما لا يؤسف عليه. كتاب "أغاني الأغاني" واسمه يدل عليه، وهو أبو الفرج الأصفهاني يبعث حيا بعد ألف سنة ونيف، ولكن بحلة جديدة وثوب قشيب. فأهل الأسانيد والقصص التافهة، والشعر الغث، والتراجم المملة غير المجدية، والبذاءات الفاحشة، وأبقى على التاريخ المفيد، والقصة الطريفة، والملحة الماتعة، والشعر الشرود، النثر السهل الممتنع من التراجم المشوقة البناءة. وقد حافظ على ترتيب الأجزاء حسب ورودها، على أنه جمع في ترجمة كل شاعر ما وجده شتاتا في عدة أجزاء مع الإشارة إلى الجزء والصفحة، مع بعض تصرف في التريب تقديما أو تأخيرا مراعاة أحيانا لأسبقية الزمن. وقد جعل تحت كل تعبير فصيح خطا ليلفت القارئ والطالب خصيصا إلى هذا التعبير ليعيه ويختزنه لأوان الكتابة أو الخطابة.
650 7 _aالأدب العربي
_yالعصر العباسي
_vمجموعات
_2aucsh
700 1 _aعون، يوسف،
_cالخوري،
_d1911-1987
_eجامع.
700 1 _aالعلايلي، عبد الله بن عثمان،
_cالشيخ الأحمر،
_d1914-1996
_eمصحح.
700 1 2 _iمختصر لـ (عمل) :
_aأبو الفرج الأصبهاني، علي بن الحسين بن محمد،
_d284-356 هجري
_tالأغاني.
942 _2ddc
_cBOOK
_n0
949 _aSA-JeALM
_d250426
_umohamedma123
_n1
999 _c9179
_d9179